000
00230 a2200097 4500
001
30164
100
_a
Hawthorne, N
245
_a
An Introduction & Interprise
260
_a
New york
_b
Barnes & Noble, Inc
_c
090
_c
20107
_d
20107
942
_a
NUST-CAE
_c
M
_c
11234
999
_c
265237
_d
265237